| 000 | 01004nam0a2200301 4500 | ||
|---|---|---|---|
| 001 | RU\NLR\BIBL_A\012068896 | ||
| 005 | 20190930153238.0 | ||
| 010 |
_a978-5-93567-277-5 _9100 |
||
| 021 |
_aRU _bКН-П-19-050564 _9КН-П-19-3658 |
||
| 035 | _a(NLR Aleph) 012068896 | ||
| 035 | _a(RuMoRGB)010034315 | ||
| 090 |
_a11745024 _c11745024 |
||
| 100 | _a20190802d2019 u y0rusy50 ca | ||
| 101 | 0 | _arus | |
| 102 | _aRU | ||
| 105 | _ay z 000zy | ||
| 200 | 1 |
_aПричудливые тени _eвоспоминания _fВячеслав Ремчуков |
|
| 210 |
_aВолгоград _cСтаница-2 _d2019 |
||
| 215 |
_a170, [2] с. _d21 |
||
| 320 | _aДр. работы авт. на 4-й с. обл. | ||
| 686 | 2 | _aШ6(2=Р)8-491 | |
| 700 | 1 |
_aРемчуков _bВ. Н. _f1941- _gВячеслав Николаевич |
|
| 942 | _cBOOK | ||
| 980 | _aNBR | ||
| 980 | _aNB | ||